Tous les commerces dans les jeux Pokémon principaux - Statistiques

Statistiques générales
  • Ce quiz a été pris 4 fois
  • Le résultat moyen est 3 sur 194
Statistiques - réponses
Lieu(x) d'implantation Jeux d'introduction Commerce % Correct
Toutes les villes de Kanto, Johto,Hoenn et Sinnoh Rouge et Bleu Boutique Pokémon
50%
Céladopole Rouge et Bleu Centre Commercial de Céladopole
50%
Illumis X et Y Au Coucou
25%
Doublonville Or et Argent Centre Commercial de Doublonville
25%
Voilaroc Diamant et Perle Centre Commercial de Voilaroc
25%
Nénucrique Rubis et Saphir Centre Commercial Nénucrique
25%
AzuriaDoublonville Rouge et Bleu Cycles à Gogo
25%
Illumis X et Y L'Etoilé
25%
MesaledoLevalendura Jarramanca Écarlate et Violet Rézo Cadoizo
25%
Relifac-le-Haut X et Y A Bicyclette
0%
Illumis X et Y A-Chic-à-Porter
0%
Ekaeka Ho'ohaleKonikoni Soleil et Lune Alola Mode
0%
Illumis Légendes Pokémon: Z-A Alter & Goth
0%
Ekaeka Soleil et Lune Antique et Chic
0%
Rusti-Cité Légendes Pokémon : Arceus Art Capillaire
0%
Rusti-Cité Légendes Pokémon : Arceus Atelier
0%
Illumis Légendes Pokémon: Z-A Atelier Chapelier
0%
Fort-Vanitas X et Y Auberge du Fort
0%
Hameau Gelé Épée et Bouclier: Les terres enneigées de la Couronne Au bon glaçon
0%
Illumis X et Y Au Fringant Pokémon
0%
Rusti-Cité Légendes Pokémon : Arceus Au Hardi Gourmand
0%
Illumis Légendes Pokémon: Z-A Beaudodo
0%
MesaledoLevalendura Jarramanca Écarlate et Violet Bien Vue
0%
Ludester Épée et Bouclier Bob's Grill
0%
Old Chister Épée et Bouclier Bonnes affaires d'Old Chister
0%
MesaledoLevalendura
Mezclamora
Écarlate et Violet Bouchée de Fraîcheur
0%
MesaledoSevaro Cuencia Levalendura Jarramanca Porto Marinada Mezclamora Alforneira Écarlate et Violet Boulangerie Horno
0%
Célestia Diamant et Perle Boutique de Célestia
0%
Port Yoneuve Noir et Blanc Boutique de Lait Meumeu de Port Yoneuve
0%
Académie de Paldea Écarlate et Violet Boutique de l'école
0%
Institut Myrtille Écarlate et Violet: Le Disque Indigo Boutique de l'école
0%
Rusti-Cité Légendes Pokémon : Arceus Boutique de Sica
0%
Vestigion Diamant et Perle Boutique de Vélo de Rad Ricksaw
0%
NeuvartaultRelifac-le-Haut Romant-sous-Bois Flusselles Auffrac-les-Congères X et Y Boutique de Vêtements
0%
Kickenham Épée et Bouclier. Boutique PCo
0%
Rue du Dôme Royal Soleil et Lune Bradley Prix
0%
Illumis Légendes Pokémon: Z-A Braverry
0%
Illumis X et Y Café Clap
0%
Flusselles X et Y Café de Flusselles
0%
Maillard Noir et Blanc Café de la Grange
0%
Relifac-le-Haut X et Y Café de Relifac-le-Haut
0%
Romant-sous-Bois X et Y Café de Romant-sous-Bois
0%
MesaledoCuencia Pinchoria Jarramanca Mezclamora Alforneira Écarlate et Violet Café des Flots
0%
Illumis X et Y Café Lysandre
0%
Illumis X et Y Café Récré
0%
Illumis X et Y Café Slalom
0%
Illumis X et Y Café Soleil
0%
Illumis X et Y Café Toutou
0%
Lavandia Rubis Omega et Saphir Alpha Cantine Lavandia
0%
Céladopole Rouge et Bleu Casino de Céladopole
0%
Doublonville Or et Argent Casino de Doublonville
0%
Lavandia Rubis et Saphir Casino de Lavandia
0%
Voilaroc Diamant et Perle Casino de Voilaroc
0%
Ekaeka Soleil et Lune Centre Commercial d'Ekaeka
0%
Route 9 Noir et Blanc Centre Commercial R9
0%
Jarramanca Écarlate et Violet Chez Kombu
0%
Illumis Légendes Pokémon: Z-A Cinéfil
0%
Poivressel Rubis et Saphir Club Force Cachée
0%
Près d'Ho'ohale Soleil et Lune Club Hano-Hano
0%
MesaledoSevaro Cuencia Pinchoria Jarramanca Porto Marinada Mezclamora Frigao Alforneira Écarlate et Violet Club Sandwich
0%
Doublon-Tunnel Or et Argent Coiffeur du Doublon-Tunnel
0%
Voilaroc Diamant Etincelant et Perle Scintillante Coin Mode Métronome
0%
Illumis Légendes Pokémon: Z-A Comd'Hab
0%
Port Yoneuve Noir et Blanc Comptoir d'encens de Port Yoneuve
0%
Skifford Épée et Bouclier. Comptoir d'encens de Skifford
0%
MesaledoCuencia Levalendura Porto Marinada Mezclamora Écarlate et Violet Conservatoire
0%
MesaledoCuencia Levalendura Pinchoria Porto Marinada Mezclamora Écarlate et Violet Crêpes de Kanto
0%
Lavandia Rubis et Saphir Cycles Rodolphe
0%
Illumis Légendes Pokémon: Z-A De Mèche
0%
Illumis X et Y Détente et Beauté
0%
MesaledoLevalendura Jarramanca Écarlate et Violet Duchamp
0%
Illumis Légendes Pokémon: Z-A Energie
0%
Rusti-Cité Légendes Pokémon : Arceus Etal d'Echanges
0%
Doublonville Or et Argent Fleuriste de Doublonville
0%
Floraville Diamant et Perle Fleuriste de Floraville
0%
Illumis Légendes Pokémon: Z-A Folha
0%
Route 4 Noir 2 et Blanc 2 Galerie Concorde
0%
Illumis Légendes Pokémon: Z-A Gears
0%
Volucité Noir et Blanc Glacier Volute
0%
Ekaeka Soleil et Lune Gracidée
0%
Illumis X et Y Grand Hôtel Le Crésus
0%
Port Yoneuve Noir 2 et Blanc 2 (exclusif) Grand Yoneuve
0%
Illumis Légendes Pokémon: Z-A Halle Cyan
0%
Azuria Rouge Feu et Vert Feuille (exclusif) Herboristerie d'Azuria
0%
Port Yoneuve Noir et Blanc Herboristerie de Port Yoneuve
0%
Skifford Épée et Bouclier Herboristerie de Skifford
0%
Vermilava Rubis et Saphir Herboristerie de Vermilava
0%
Vestigion Diamant et Perle Herboristerie de Vestigion
0%
Doublon-Tunnel Or et Argent Herboristerie du Doublon-Tunnel
0%
MesaledoSevaro Cuencia Levalendura Jarramanca Porto Marinada Mezclamora Frigao Écarlate et Violet Hola Olla
0%
Nénucrique Rubis et Saphir Hôtel Crique Crack
0%
Port Tempères X et Y Hôtel de la Jetée
0%
Relifac-le-Haut X et Y Hôtel des Côtes
0%
Ho'ohale Soleil et Lune Hôtel des Embruns
0%
Mozheim X et Y Hôtel du Belvédère
0%
Ludester Épée et Bouclier Hôtel Ionia
0%
Roche-sur-Gliffe X et Y Hôtel Le Glifforoc
0%
Cromlac'h X et Y Hôtel Neige Marine
0%
Motorby Épée et Bouclier Hôtel Rozbouton d'Or
0%
Illumis Légendes Pokémon: Z-A Hôtel Z
0%
Konikoni Soleil et Lune Joaillerie Alyxia
0%
Illumis Légendes Pokémon: Z-A Kaminari Illumis
0%
Illumis Légendes Pokémon: Z-A Kawai Choupi
0%
Illumis Légendes Pokémon: Z-A Kawai Joli
0%
Illumis Légendes Pokémon: Z-A Kawai Mimi
0%
Illumis Légendes Pokémon: Z-A Kawai Sporty
0%
Illumis Légendes Pokémon: Z-A Kikonashi
0%
Illumis X et Y La Bataille
0%
Illumis Légendes Pokémon: Z-A La Chaussure
0%
Illumis X et Y La Drôle d'Embringue
0%
LevalenduraJarramanca Mezclamora Alforneira Écarlate et Violet La Famille Gastronomie
0%
Illumis Légendes Pokémon: Z-A La Pointe de la Mode
0%
Winscor Épée et Bouclier La Rose de Winscor
0%
Illumis X et Y Le Ball-Bazar
0%
Skifford Épée et Bouclier Le Brise-Lames
0%
Illumis X et Y Le Café des Compères
0%
Illumis X et Y Le Firmament
0%
Illumis X et Y Le Joyau de Kalos
0%
Illumis X et Y Le Lounge Café
0%
Illumis X et Y Le Nectar
0%
Illumis Légendes Pokémon: Z-A Le Paradis du Pied
0%
Illumis Légendes Pokémon: Z-A Le Paradis du Vêtement
0%
Illumis X et Y Les Algolides
0%
Illumis X et Y Les Bienfaits de Chloris
0%
Illumis X et Y Les Partenaires
0%
Illumis X et Y Les Timides
0%
MesaledoLevalendura Jarramanca Frigao Écarlate et Violet Le Veinard
0%
Illumis Légendes Pokémon: Z-A Lex & Lans
0%
Illumis X et Y L'Ultimate
0%
Acajou Or et Argent Magasin d'Acajou
0%
Brasswick Épée et Bouclier Magasin de Baies
0%
Cimetronelle Rubis et Saphir Magasin de bureaux et de chaises de Cimetronelle
0%
BrasswickMotorby Kickenham Ludester Winscor Épée et Bouclier Magasin de vêtements
0%
Rusti-Cité Légendes Pokémon : Arceus Maison du Textile
0%
Poivressel Rubis et Saphir Maitre de la Forme
0%
Ekaeka Soleil et Lune Malasa'Délices
0%
Illumis Légendes Pokémon: Z-A Mantotop
0%
Porto Marinada Écarlate et Violet Marché de Porto Marinada
0%
Rivamar Diamant et Perle Marché de Rivamar
0%
Portail Safari Or Heartgold et Argent Soulsilver Marché du Portail Safari
0%
Illumis Légendes Pokémon: Z-A Marquage
0%
Illumis Légendes Pokémon: Z-A Mode Magnifique
0%
Illumis Légendes Pokémon: Z-A Mode Mature
0%
MesaledoLevalendura Jarramanca Écarlate et Violet Mode Modique
0%
Illumis Légendes Pokémon: Z-A Optique Defog
0%
Port Yoneuve Noir 2 et Blanc 2 (exclusif) Orient Yoneuve
0%
Illumis Légendes Pokémon: Z-A Outlet's Play
0%
Port Yoneuve Noir 2 et Blanc 2 (exclusif) Palace Yoneuve
0%
MesaledoLevalendura Jarramanca Écarlate et Violet Paldea Chaussures
0%
Illumis Légendes Pokémon: Z-A Passe-temps
0%
Irisia Or et Argent Pharmacie d'Irisia
0%
Rusti-Cité Légendes Pokémon : Arceus Photographe de Rusti-Cité
0%
Illumis Légendes Pokémon: Z-A Physix
0%
Illumis Légendes Pokémon: Z-A Physix 4
0%
MesaledoLevalendura Jarramanca Écarlate et Violet Pied à Terre
0%
Illumis Légendes Pokémon: Z-A Pinceau
0%
Illumis Légendes Pokémon: Z-A Porte-Chance
0%
Illumis Légendes Pokémon: Z-A Prêt-à-Equiper
0%
LevalenduraJarramanca Mezclamora Écarlate et Violet Ramen tes Baguettes
0%
Illumis Légendes Pokémon: Z-A Régal et Vous
0%
Ogoesse Noir 2 et Blanc 2 (exclusif) Restaurant d'Ogoesse
0%
Konikoni Soleil et Lune Restaurant familial de Barbara
0%
Village Flottant Soleil et Lune Restaurant Kiflotte
0%
MesaledoCuencia Levalendura Écarlate et Violet Resto Barato
0%
Doublon-Tunnel Or et Argent Revendeur du Doublon-Tunnel
0%
Illumis Légendes Pokémon: Z-A Rituel Nocturne
0%
MesaledoLevalendura Jarramanca Écarlate et Violet Sakado
0%
EkaekaKonikoni Motorby Kickenham Ludester Winscor Soleil et Lune Salle à Mèches
0%
Céladopole Let's Go Evoli et Let's Go Pikachu (exclusif) Salle d'arcade Rocket
0%
Mesaledo Écarlate et Violet Salon Renaissance
0%
LevalenduraJarramanca Écarlate et Violet Seguro
0%
Illumis Légendes Pokémon: Z-A Sol et baskets
0%
MesaledoLevalendura Jarramanca Écarlate et Violet Sombre Héros
0%
Parc des Combats Diamant et Perle Stand de CT du Service d'Echange
0%
Parc des Combats Diamant et Perle Stand d'objets du Service d'Echange
0%
Doublon-Tunnel Or et Argent Studio photo du Doublon-Tunnel
0%
MesaledoSevaro Cuencia Levalendura Pinchoria Jarramanca Porto Marinada Mezclamora Écarlate et Violet Sucré Glacé
0%
Levalendura Écarlate et Violet Supérette Yatou
0%
Port Yoneuve Noir 2 et Blanc 2 (exclusif) Supraluxe Yoneuve
0%
IllumisMalié Levalendura Mezclamora Frigao X et Y Sushi Sans Chichis
0%
Illumis Légendes Pokémon: Z-A Tornade
0%
Mezclamora Écarlate et Violet Trésor Culinaire
0%
Illumis Légendes Pokémon: Z-A Triathlon Maurouge
0%
Illumis Légendes Pokémon: Z-A Triathlon Valcyan
0%
MesaledoCuencia Levalendura Jarramanca Mezclamora Écarlate et Violet Troquet Afond
0%
Illumis X et Y Un Autre Regard
0%
MesaledoCuencia Levalendura Pinchoria Jarramanca Mezclamora Frigao Écarlate et Violet Une Belle Brochette
0%
Poivressel Rubis et Saphir Vendeur de CT du marché de Poivressel
0%
Poivressel Rubis et Saphir Vendeur de poupées du marché de Poivressel
0%
Konikoni Soleil et Lune Vendeur de Remèdes
0%
Poivressel Emeraude (exclusif) Vendeuse de médicaments du marché de Poivressel
0%
Poivressel Rubis et Saphir Vendeuse d'Encens du marché de Poivressel
0%
LevalenduraJarramanca Écarlate et Violet Verdea
0%
MesaledoCuencia Levalendura Mezclamora Écarlate et Violet Youpi Churros
0%
Aucun quiz correspondant
Distribution des résultats
% des personnes avec chaque résultat
Percentile par nombre de réponses
Votre historique - résultats
Vous n’avez pas pris ce quiz